Inseminación en porcinos / Rene Herrera Galindo (Registro nro. 11353)

Detalles MARC
000 -LEADER
fixed length control field 00471nam a22001811a 4500
001 - CONTROL NUMBER
control field 11353
003 - CONTROL NUMBER IDENTIFIER
control field OSt
005 - DATE AND TIME OF LATEST TRANSACTION
control field 20260204212239.0
008 - FIXED-LENGTH DATA ELEMENTS--GENERAL INFORMATION
fixed length control field 120817s2004||||ck ||||||b||||||||||spa||
020 ## - NUMERO DE LIBRO INTERNACIONAL NORMALIZADO
International Standard Book Number 958960868x
050 ## - LIBRARY OF CONGRESS CALL NUMBER
Classification number 636.08245 H434i
100 ## - ASIENTO PRINCIPAL -- NOMBRE PERSONAL
Personal name Herrera Galindo, Rene
245 ## - TÍTULO PROPIAMENTE DICHO: SUBTÍTULO
Title Inseminación en porcinos / Rene Herrera Galindo
264 ## - PRODUCTION, PUBLICATION, DISTRIBUTION, MANUFACTURE, AND COPYRIGHT NOTICE
Place of production, publication, distribution, manufacture Colombia: Grupo Latino
300 ## - PHYSICAL DESCRIPTION
Extensión 27 p
650 ## - ASIENTO SECUNDARIO DE MATERIA -- TERMINO TEMÁTICO
Termino Temático Como Elemento de Entrada Inseminación Artificial - PorcinosÌ
942 ## - ADDED ENTRY ELEMENTS (KOHA)
Source of classification or shelving scheme Dewey Decimal Classification
Koha item type Libros
Existencias
Withdrawn status Lost status Source of classification or shelving scheme Damaged status Not for loan Current library Date acquired Total Checkouts Full call number Barcode Date last seen Price effective from Koha item type
    Dewey Decimal Classification     Biblioteca UTECO 09/09/2019   636.08245 H434I 016072 09/09/2019 09/09/2019 Libros
    Dewey Decimal Classification     Biblioteca UTECO 09/09/2019   636.08245 H434I 016073 09/09/2019 09/09/2019 Libros
    Dewey Decimal Classification     Biblioteca UTECO 09/09/2019   636.08245 H434I 016074 09/09/2019 09/09/2019 Libros
© 2021 Derechos Reservados UTECO - Teléfono: +1 809-585-2291 - Correo electrónico: biblioteca@uteco.edu.do​  
Código postal 43000 ​​
Dirección: Avenida Universitaria No. 100, 
Cotuí, Provincia Sánchez Ramírez, República Dominicana - RNC: 404-00059-6